Clubes de fútbol italianos por insignia - Estadísticas

Estadísticas generales
  • Esta prueba ha sido intentada 209 veces
  • La puntuación promedio es 24 de 40
Estadísticas de respuestas
Imagen Respuesta % Correcto
Milan
95%
Roma
95%
Lazio
94%
Fiorentina
93%
Inter Milan
93%
Juventus
93%
Atalanta
92%
Napoli
92%
Torino
91%
Bologna
88%
Genoa
86%
Parma
85%
Sassuolo
84%
Cagliari
82%
Udinese
82%
Sampdoria
78%
Lecce
75%
Como
73%
Hellas Verona
73%
Monza
73%
Venezia
73%
Palermo
71%
Empoli
69%
Salernitana
56%
Brescia
48%
Frosinone
44%
Bari
41%
Cremonese
41%
Pisa
38%
Cesena
21%
Modena
19%
Spezia
19%
Südtirol
18%
Cittadella
15%
Catanzaro
14%
Reggiana
14%
Cosenza
12%
Juve Stabia
12%
Mantova
10%
Carrarese
7%
No se encontraron pruebas coincidentes
Distribución de puntuación
Porcentaje de gente con cada puntuación
Porcentaje por número respondido
Historial de tus puntuaciones
No has intentado esta prueba.